<?xml version="1.0" encoding="UTF-8"?>
<marc:record xmlns:marc="http://www.loc.gov/MARC21/slim">
   <marc:leader>00000nam a2200000 a 4500</marc:leader>
   <marc:datafield ind1="1" ind2=" " tag="100">
      <marc:subfield code="a">Holbe, Daniel</marc:subfield>
      <marc:subfield code="4">aut</marc:subfield>
      <marc:subfield code="e">Verfasser/-in</marc:subfield>
   </marc:datafield>
   <marc:datafield ind1=" " ind2=" " tag="653">
      <marc:subfield code="a">Krimis, Thriller, Spionage</marc:subfield>
   </marc:datafield>
   <marc:datafield ind1="0" ind2="0" tag="245">
      <marc:subfield code="a">Dunkles Netz</marc:subfield>
   </marc:datafield>
   <marc:datafield ind1="0" ind2="0" tag="245">
      <marc:subfield code="b">Julia Durants neuer Fall</marc:subfield>
   </marc:datafield>
   <marc:datafield ind1="0" ind2="0" tag="245">
      <marc:subfield code="c">Holbe, Daniel</marc:subfield>
   </marc:datafield>
   <marc:datafield ind1=" " ind2="1" tag="264">
      <marc:subfield code="a">München</marc:subfield>
      <marc:subfield code="b">Knaur</marc:subfield>
      <marc:subfield code="c">2025</marc:subfield>
   </marc:datafield>
   <marc:datafield ind1=" " ind2=" " tag="250">
      <marc:subfield code="a">Originalausgabe</marc:subfield>
   </marc:datafield>
   <marc:datafield ind1="1" ind2=" " tag="520">
      <marc:subfield code="a">Der 25. Krimi um die toughe und kompromisslose Frankfurter Kommissarin Julia Durant nimmt es mit den abgründigsten Seiten des Verbrechens auf und bringt Durant an ihre Grenzen. Ein Mordfall gibt Julia Durant Rätsel auf: Das Opfer, ein Naturforscher, scheint eine buchstäblich weiße Weste zu haben. Auffällig nur: In seiner Wohnung fehlt ein Großteil seines technischen Equipments. Hat er vielleicht einen Einbrecher überrascht? Erst der Zufall bringt die Ermittlungen weiter: Eine der Vogelbeobachtungskameras des Opfers, die mit einem externen Server verbunden ist, hat den sexuellen Übergriff auf eine Minderjährige aufgezeichnet. Kurz darauf gibt es einen weiteren Toten, dem ebenfalls Handy und Computer abgenommen wurden. Diesmal ein prominenter Politiker. Spuren weisen auf Kontakte zu einem Pädophilen-Netzwerk. Doch die Ermittlungen gestalten sich schwierig. Julia Durant stößt zunehmend auf rechtliche Hindernisse und bürokratische Fallstricke. Als eine Schülerin als vermisst gemeldet wird, sieht sie sich gezwungen, eine unheilige Allianz einzugehen …</marc:subfield>
   </marc:datafield>
   <marc:datafield ind1=" " ind2=" " tag="020">
      <marc:subfield code="a">9783426529263</marc:subfield>
      <marc:subfield code="9">9783426529263</marc:subfield>
   </marc:datafield>
   <marc:datafield ind1=" " ind2=" " tag="041">
      <marc:subfield code="a">ger</marc:subfield>
   </marc:datafield>
   <marc:datafield ind1=" " ind2=" " tag="338">
      <marc:subfield code="a">Band</marc:subfield>
   </marc:datafield>
   <marc:datafield ind1=" " ind2=" " tag="300">
      <marc:subfield code="a">442 Seiten</marc:subfield>
   </marc:datafield>
</marc:record>
